"Paper Mario: The Thousand Year Door" Partners - Statistics

General Stats
  • This quiz has been taken 167 times
  • The average score is 6 of 7
Answer Stats
Species Name % Correct
Goomba Goombella
95%
Koopa Koops
94%
Shadow Siren Vivian
91%
Yoshi Yoshi
91%
Wind Spirit Flurrie
84%
Bob-omb Bobbery
81%
Mouse Ms. Mowz
71%
No matching quizzes found
Score Distribution
Percent of People with Each Score
Percentile by Number Answered
Your Score History
You have not taken this quiz